书目信息 |
| 题名: |
散文报告文学儿童文学集
|
|
| 作者: | ;全国少数民族获奖作品丛书编辑组 编 | |
| 分册: | ||
| 出版信息: | 北京 人民文学出版社 1984 |
|
| 页数: | 494页 | |
| 开本: | 21cm | |
| 丛书名: | 全国少数民族文学创作获奖作品丛书 | |
| 单 册: | ||
| 中图分类: | I29 , I217 | |
| 科图分类: | ||
| 主题词: | 少数民族文学--中国--作品--中国--选集 , 文学--作品集--中国 | |
| 电子资源: | ||
| ISBN: | ||
| 000 | 00929nam2 2200289 45 | |
| 001 | 0184004377 | |
| 005 | 20040419102910.1 | |
| 010 | @dCNY1.85 | |
| 091 | @a10013.3695 | |
| 100 | @a19950609d1984 em y0chiy0121 ea | |
| 101 | 0 | @achi |
| 102 | @aCN@b110000 | |
| 105 | @ay z 000zy | |
| 106 | @ar | |
| 200 | 10 | @a散文报告文学儿童文学集@Asan wen bao gao wen xue er tong wen xue ji@f全国少数民族获奖作品丛书编辑组编 |
| 210 | @a北京@c人民文学出版社@d1984 | |
| 215 | @a494页@d21cm | |
| 225 | 2 | @a全国少数民族文学创作获奖作品丛书 |
| 410 | 0 | @120010@a全国少数民族文学创作获奖作品丛书 |
| 606 | @a少数民族文学@y中国@x作品@y中国@x选集 | |
| 606 | 0 | @a文学@x作品集@x中国 |
| 690 | @aI29@v3 | |
| 690 | @aI217 | |
| 711 | 02 | @a全国少数民族获奖作品丛书编辑组@Aquan guo shao shu min zu huo jiang zuo pin cong shu bian ji zu@4编 |
| 801 | 0 | @aCN@b上海图书馆@c20040419 |
| 801 | 2 | @aCN@bNLC@c20040419 |
| 905 | @f1@b113404@dI217@e117 | |
| 散文报告文学儿童文学集/全国少数民族获奖作品丛书编辑组编.-北京:人民文学出版社,1984 |
| 494页;21cm.-(全国少数民族文学创作获奖作品丛书) |
| ISBN :CNY1.85 |
| ● |
| 相关链接 |
|
|
|
|
正题名:散文报告文学儿童文学集
索取号:I217/117
 
预约/预借
| 序号 | 登录号 | 条形码 | 馆藏地/架位号 | 状态 | 备注 |
| 1 | 0113404 | 000224992 | 第二借阅区/ [索取号:I217/117] | 在馆 | |
| 2 | 0113405 | 000224983 | 第一样本阅览室/ [索取号:I217/117] | 在馆 | |
| 3 | 0113493 | 001806665 | 密集书库/ [索取号:I217/117] | 在馆 |